000 00677nam a2200205Ii 4500
003 JO-AjNU
008 230605s9999||||xx |||||||||||||| ||und||
017 _a2010/1/73
040 _aJO-AjNU
_bara
_erda
_cJO-AjNU
041 _aara
050 1 4 _aM1627.Z83 2010
100 3 _aاعداد الزعبي، أحمد شريف,
_eauthor
_959290
245 0 0 _aالأغاني الشعبية الأردنية
264 3 1 _aاربد: المؤلف، 2010
300 _a376ص
336 _atext
_btxt
_2rdacontent
337 _aunmediated
_bn
_2rdamedia
338 _avolume
_bnc
_2rdacarrier
650 4 _aالأغاني الشعبية- الاردن- التراث الشعبي
_959291
999 _aA26673
_c30241
_d30241